Géographie de l'Amérique du Sud par lettre - A - Statistiques

Statistiques générales
  • Ce quiz a été pris 145 fois
  • Le résultat moyen est 8 sur 20
Statistiques - réponses
Hint Réponse % Correct
Le plus grand fleuve du monde par le débit Amazone
99%
Chaîne de montagnes qui traverse le continent du nord au sud Andes
89%
Pays d'origine du pape François Argentine
89%
Seule capitale en A du continent Asuncion
72%
Camélidé élevé pour sa laine de grande qualité, mais aussi sa viande Alpaga
66%
Langue officielle du Guyana Anglais
59%
L'un des déserts les plus arides du monde, au nord du Chili Atacama
51%
Point culminant de celle-ci (6962 m) Aconcagua
48%
Chute d'eau vénézuélienne, championne du monde du dénivelé (807 m) Salto {Angel}
43%
Production agricole pour laquelle le Brésil se classe parmi les 6 six premières mondiales Ananas | Avocat
39%
Président du Chili déposé par A. Pinochet Salvador Allende
30%
Nom donné aux hauts plateaux boliviens et péruviens Altiplano
16%
Etat brésilien, Etat vénézuélien, mais aussi département colombien et département péruvien Amazonas
13%
Région, province et ville chilienne (300 000 habitants) au bord de ce désert. C'est aussi un port important. Antofagasta
9%
Fruit d'un palmier brésilien, paré de nombreuses vertus, dont la consommation a largement dépassé les frontières Açaï
7%
Département de Colombie, dont la capitale est Medellin, nommé d'après une ancienne cité grecque située dans la Turquie actuelle Antioquia
7%
Etat brésilien qui jouxte le département de la Guyane Amapa
6%
Langue parlée notamment en Bolivie et au Pérou, dont elle est l'une des langues officielles Aymara
5%
Le plus célèbre écrivain brésilien (1912-2001), qui en a notamment décrit la région du Nordeste Jorge Amado
2%
Groupe ethnique et linguistique amazonien, dont font partie les Yanomamis, par exemple Arawak
1%
Aucun quiz correspondant
Distribution des résultats
% des personnes avec chaque résultat
Percentile par nombre de réponses
Votre historique - résultats
Vous n’avez pas pris ce quiz